[Event "TCh-Eur Seniors"]
[Site "Dresden GER"]
[Date "2010.02.12"]
[Round "3"]
[White "Haubt,G"]
[Black "Nagorni,W"]
[Result "1/2-1/2"]
[WhiteElo "2266"]
[BlackElo "2093"]

1.d4 Nf6 2.Bg5 d5 3.Nc3 Nbd7 4.e3 h6 5.Bh4 c6 6.Qd2 g5 7.Bg3 Nh5 8.Nge2 f5
9.h4 Ndf6 10.Be5 Bg7 11.hxg5 hxg5 12.f3 Kf7 13.Nc1 Nd7 14.Bxg7 Nxg7 15.Rxh8 Qxh8
16.Nd3 Qh4+ 17.Nf2 e5 18.dxe5 Nxe5 19.O-O-O Be6 20.Nh3 g4 21.Qd4 Ng6 22.fxg4 fxg4
23.Bd3 Nf5 24.Bxf5 Bxf5 25.Nf4 Qf2 26.Rd2 Qf1+ 27.Rd1 Qf2 28.Rd2 Qf1+ 29.Nd1 Nxf4
30.Qxf4 Qxf4 31.exf4 g3 32.Re2 Re8 33.Nc3 Rh8 34.Re5 Kf6 35.Ne2 Rh1+ 36.Kd2 Rh2
37.Re3 Rxg2 38.Rxg3 Rh2 39.c3 c5 40.Ke3 d4+ 41.cxd4 cxd4+ 42.Nxd4 Rxb2 43.Nxf5 Kxf5
44.Rg5+ Kf6 45.Ra5 a6 46.Kf3  1/2-1/2

[Event "TCh-FIN 2009-10"]
[Site "Finland FIN"]
[Date "2010.02.13"]
[Round "6"]
[White "Karttunen,M"]
[Black "Martynov,Al"]
[Result "1-0"]
[WhiteElo "2426"]
[BlackElo "2348"]

1.d4 Nf6 2.Bg5 d5 3.Nd2 Nbd7 4.e3 e6 5.f4 c5 6.c3 h6 7.Bxf6 Nxf6 8.Bd3 Bd6
9.Qf3 Qb6 10.O-O-O Bd7 11.g4 Bb5 12.Bxb5+ Qxb5 13.g5 Nd7 14.f5 O-O-O 15.fxe6 fxe6
16.Qg4 Kb8 17.Ngf3 Nb6 18.gxh6 gxh6 19.dxc5 Bxc5 20.Rhe1 Rhe8 21.Ne5 Rc8
22.Qe2 Qa4 23.Kb1 Bd6 24.Qh5 Ka8 25.Nef3 Qb5 26.Nd4 Qd3+ 27.Ka1 e5 28.N2b3 Qc4
29.Nf5 Bf8 30.e4 Rcd8 31.Ne3 Qc8 32.Nxd5 Nxd5 33.exd5 Rd6 34.c4 Red8 35.Rc1 b5
36.cxb5 Qb7 37.Na5 Qxb5 38.Nc6 Rc8 39.Qf5 Qb7 40.Na5  1-0

[Event "TCh-Eur Seniors"]
[Site "Dresden GER"]
[Date "2010.02.14"]
[Round "5"]
[White "Haubt,G"]
[Black "Bonner,G"]
[Result "0-1"]
[WhiteElo "2266"]
[BlackElo "2179"]

1.d4 Nf6 2.Bg5 d5 3.Nc3 Bf5 4.f3 Nbd7 5.Nxd5 Nxd5 6.e4 f6 7.Bc1 Be6 8.exd5 Bxd5
9.Bd3 e5 10.Ne2 Qe7 11.O-O O-O-O 12.c4 Bf7 13.Re1 Bg6 14.a3 Bxd3 15.Qxd3 exd4
16.Bf4 Nc5 17.Qd1 Ne6 18.Bg3 Qd7 19.b4 c5 20.Qb3 Bd6 21.f4 f5 22.Rf1 h6 23.Rab1 b6
24.Nc1 Qc7 25.Nd3 Rhf8 26.Qa4 Rf7 27.Rbe1 Qd7 28.Qd1 g6 29.Qf3 Kb8 30.Rf2 Re7
31.Rfe2 Rde8 32.Bf2 Qb7 33.Qd5 Nc7 34.Qxd6 Rxe2 35.Ne5 Rxe1+ 36.Bxe1 Qe4
37.Bg3 Re6 38.Qd8+ Kb7 39.h3 Qe3+ 40.Kh2 Rxe5 41.fxe5 f4 42.Bh4 g5 43.e6 gxh4
44.e7 d3 45.b5 d2 46.e8=Q Nxe8 47.Qd5+ Kc8 48.Qf5+ Kd8 49.Qd5+ Ke7 50.Qb7+ Kf8  0-1

[Event "TCh-Eur Seniors"]
[Site "Dresden GER"]
[Date "2010.02.14"]
[Round "5"]
[White "Fritsch,J"]
[Black "Nilsen,K"]
[Result "1-0"]
[WhiteElo "1949"]
[BlackElo "1864"]

1.d4 Nf6 2.Bg5 d5 3.Bxf6 exf6 4.e3 Be6 5.Bd3 c5 6.c3 c4 7.Bc2 Bd6 8.Nf3 Nd7
9.Nbd2 O-O 10.O-O f5 11.Qb1 Qf6 12.g3 h6 13.Nh4 g6 14.f4 Kh8 15.Ndf3 Qg7
16.Ng2 Nf6 17.Ne5 Bxe5 18.dxe5 Ne4 19.Qd1 Rad8 20.Ne1 g5 21.Qe2 g4 22.Rd1 h5
23.Rd4 Qh7 24.Ng2 Qg7 25.Nh4 f6 26.exf6 Rxf6 27.Bxe4 fxe4 28.Rfd1 Qf7 29.Rxe4 Re8
30.Re5 Rd8 31.Qd2 Kg7 32.Qd4 Kh7 33.Rxh5+  1-0

[Event "TCh-Eur Seniors"]
[Site "Dresden GER"]
[Date "2010.02.16"]
[Round "7"]
[White "Haubt,G"]
[Black "Titz,Hei"]
[Result "1-0"]
[WhiteElo "2266"]
[BlackElo "2248"]

1.d4 Nf6 2.Bg5 c5 3.Bxf6 gxf6 4.dxc5 Qa5+ 5.Nc3 Qxc5 6.e4 Nc6 7.Qd3 d6 8.Nd5 Kd8
9.Nf3 a6 10.b4 Qa7 11.c4 Be6 12.Rb1 a5 13.b5 Bxd5 14.cxd5 Ne5 15.b6 Qb8 16.Qd4 Nd7  1-0

[Event "TCh-Eur Seniors"]
[Site "Dresden GER"]
[Date "2010.02.17"]
[Round "8"]
[White "Haubt,G"]
[Black "Vucenovic,D"]
[Result "0-1"]
[WhiteElo "2266"]
[BlackElo "2272"]

1.d4 Nf6 2.Bg5 d5 3.Nc3 c5 4.Bxf6 gxf6 5.e4 Nc6 6.Bb5 a6 7.Bxc6+ bxc6 8.exd5 cxd5
9.Nf3 e6 10.O-O Bb7 11.Re1 c4 12.Nh4 Qc7 13.Qh5 O-O-O 14.Nf3 Rg8 15.Re3 Rg7
16.b3 Bd6 17.Ne2 Rdg8 18.Ne1 f5 19.Kh1 f4 20.Rh3 Bc6 21.Qf3 e5 22.Qc3 e4
23.f3 Bd7 24.Rh6 Rg6 25.Rxg6 Rxg6 26.bxc4 exf3 27.Nxf3 Qxc4 28.Qxc4+ dxc4
29.Kg1 Re6 30.Kf2 Re3 31.h3 f6 32.c3 Bf5 33.Nfg1 Re7 34.Rd1 Be4 35.Rd2 Rb7
36.h4 Rg7 37.Nf3 Rb7 38.Ne1 Rb1 39.Nf3 a5 40.d5 Bd3 41.Ned4 a4 42.Ne6 a3
43.Nxf4 Rb2 44.Ke3 Bb1 45.Nh5 Bxa2 46.Nxf6 Bb3 47.Ne4 Be5 48.Ne1 Rb1 49.Nc2 Rb2
50.Nb4 a2 51.Nxa2 Rxa2 52.g4 Rxd2 53.Kxd2 Bf4+ 54.Ke2 Bc2 55.Kf3 Be5 56.g5 Kd7
57.Nf6+ Bxf6 58.gxf6 Bg6 59.Ke3 Bf7 60.Kd4 Kd6 61.Kxc4 Bxd5+ 62.Kd4 Bf7 63.c4 Ke6
64.c5 Kxf6 65.Ke4 Ke6 66.Kf4 Bg6 67.Kg5 Kd5 68.h5 Bb1  0-1

[Event "IFPX Categoria A"]
[Site "Sao Paulo BRA"]
[Date "2010.02.20"]
[Round "1"]
[White "Bartkus,V"]
[Black "Filguth,R"]
[Result "1-0"]
[WhiteElo "2044"]
[BlackElo "2410"]

1.d4 Nf6 2.Bg5 c5 3.Bxf6 gxf6 4.d5 Qb6 5.Qc1 f5 6.Nd2 Bg7 7.c3 Qd6 8.c4 Qf6
9.Rb1 d6 10.e3 Na6 11.Ngf3 Bd7 12.Be2 Nc7 13.O-O  1-0

[Event "Angora GM Schev"]
[Site "Ankara TUR"]
[Date "2010.02.22"]
[Round "2"]
[White "Moskalenko,V1"]
[Black "Erdogdu,M"]
[Result "1-0"]
[WhiteElo "2538"]
[BlackElo "2513"]

1.d4 Nf6 2.Bg5 c5 3.d5 Qb6 4.Nc3 Qxb2 5.Bd2 Qb6 6.e4 d6 7.f4 e6 8.Rb1 Qc7
9.Nf3 a6 10.dxe6 fxe6 11.e5 dxe5 12.fxe5 Ng4 13.Bd3 Nxe5 14.Be4 Nbd7 15.O-O Nf7
16.Ng5 Nf6 17.Bf4 e5 18.Nd5 Qd7 19.Nxf7 Kxf7 20.Bxe5 Be7 21.Qh5+ Kg8 22.Bxf6 gxf6
23.Rxf6  1-0

[Event "Reykjavik Open"]
[Site "Reykjavik ISL"]
[Date "2010.02.24"]
[Round "1"]
[White "Boskovic,D"]
[Black "Sigurdsson,Sv"]
[Result "1-0"]
[WhiteElo "2454"]
[BlackElo "2016"]

1.d4 Nf6 2.Bg5 d5 3.e3 e6 4.Bd3 Be7 5.Nd2 Nbd7 6.f4 c5 7.c3 O-O 8.Ngf3 c4
9.Bc2 b5 10.Ne5 Nxe5 11.fxe5 Ne8 12.Bxe7 Qxe7 13.O-O f5 14.exf6 Nxf6 15.Nf3 Bb7
16.Ne5 Ne4 17.Qg4 Rxf1+ 18.Rxf1 Rf8 19.Rxf8+ Kxf8 20.Bxe4 dxe4 21.h4 Bd5
22.Kh2 Kg8 23.Kg3 a5 24.a3 Qf6 25.Qf4 Qf5 26.Qg5 Qf8 27.Ng4 Kh8 28.Qf4 Qe8
29.Qc7 Qa8 30.Qe7 Qb8+ 31.Ne5 Kg8 32.Qf7+ Kh8 33.h5 Qd8 34.Kg4 Qc8 35.h6 gxh6
36.Qf6+ Kg8 37.Kh5 Qf8 38.Qxf8+ Kxf8 39.Kxh6 Kg8 40.g4 Bb7 41.g5 Bc8 42.Ng4 e5
43.Nf6+ Kf7 44.d5  1-0

[Event "Masters B"]
[Site "Nancy FRA"]
[Date "2010.02.27"]
[Round "8"]
[White "Wiley,To"]
[Black "Genzling,A"]
[Result "1/2-1/2"]
[WhiteElo "2302"]
[BlackElo "2398"]

1.d4 Nf6 2.Bg5 c5 3.Bxf6 gxf6 4.d5 Qb6 5.Qc1 f5 6.e3 Bg7 7.c3 e6 8.Nh3 Na6
9.Nf4 Nc7 10.g3 e5 11.Nh5 Bf8 12.c4 Qh6 13.Be2 d6 14.Nc3 Rg8 15.f4 e4 16.Qd2 Be7
17.O-O-O Bd7 18.Rdg1 a6 19.h3 b5 20.g4 b4 21.Nd1 O-O-O 22.Nf2 Rg6 23.g5 Qf8
24.h4 Kb7 25.Rg3 Ra8 26.Rhg1 Qh8 27.Kb1 a5 28.R3g2 a4 29.Nh1 Ra7 30.Nf2 Na8
31.Nd1 Nb6 32.Ng3 Ra8 33.Nh5 Kc7 34.Qc1 Kb7 35.Qd2 Kc7 36.Qc1 Kb7  1/2-1/2

[Event "48th XtraCon TCh-DEN 2009-10"]
[Site "Denmark DEN"]
[Date "2010.03.01"]
[Round "6"]
[White "Borbjerggaard,L"]
[Black "Hoi,C"]
[Result "0-1"]
[WhiteElo "2335"]
[BlackElo "2393"]

1.d4 Nf6 2.Bg5 d5 3.c4 Ne4 4.Bf4 e6 5.Qc2 Bb4+ 6.Nc3 c5 7.e3 Nc6 8.f3 Nf6
9.a3 Ba5 10.dxc5 e5 11.Bg5 d4 12.O-O-O Bxc3 13.bxc3 d3 14.Qa4 h6 15.Rxd3 Bd7
16.Bh4 Qe7 17.Rd6 O-O-O 18.e4 Be6 19.Rd5 Bxd5 20.exd5 Qxc5 21.dxc6 Qe3+ 22.Kb1 Rd2
23.Ne2 Rhd8 24.cxb7+ Kb8 25.Nd4 R8xd4 26.cxd4 Qc3  0-1

[Event "48th XtraCon TCh-DEN 2009-10"]
[Site "Denmark DEN"]
[Date "2010.03.01"]
[Round "6"]
[White "Hansen,Bj"]
[Black "Jacobsen,Bo"]
[Result "1/2-1/2"]
[WhiteElo "2248"]
[BlackElo "2306"]

1.d4 Nf6 2.Bg5 c5 3.Bxf6 gxf6 4.d5 Qb6 5.Qc1 f5 6.g3 Bg7 7.c3 Na6 8.Nd2 Nc7
9.Bg2 e6 10.Nc4 Qa6 11.Qf4 O-O 12.Nh3 d6 13.Ne3 Ne8 14.Qf3 Nf6 15.Nf4 Ne4
16.Nd1 e5 17.Nh5 Bh6 18.Ne3 Kh8 19.Nxf5 Nd2 20.Qg4 Rg8 21.Qh4 Bg5 22.Nh6 Bxh6
23.Qf6+ Bg7 24.Nxg7 Rxg7 25.Qd8+ Rg8 26.Qf6+ Rg7 27.Qd8+ Rg8 28.Qf6+ Rg7  1/2-1/2

[Event "48th XtraCon TCh-DEN 2009-10"]
[Site "Denmark DEN"]
[Date "2010.03.03"]
[Round "9"]
[White "Borbjerggaard,L"]
[Black "Sorensen,B"]
[Result "1/2-1/2"]
[WhiteElo "2335"]
[BlackElo "2240"]

1.d4 Nf6 2.Bg5 d5 3.Bxf6 exf6 4.e3 Be7 5.g3 O-O 6.Bg2 c6 7.Ne2 Bf5 8.Nd2 Na6
9.O-O Qd7 10.a3 Rac8 11.b4 Rfd8 12.Nb3 b6 13.Nc3 Nc7 14.Qe2 Ne8 15.Rfe1 Bf8
16.Nb1 Nd6 17.c3 Re8 18.N1d2 Qe6 19.Rec1 Nc4 20.Nxc4 dxc4 21.Nd2 Bd3 22.Qd1 c5
23.dxc5 bxc5 24.b5 a6 25.Qa4 axb5 26.Qxb5 Rb8 27.Qc6 Rb2 28.Nf1 Qf5 29.Qf3 Qc8
30.Qc6 Qf5 31.Qf3 Qc8 32.Qd5 Rd8 33.Qc6 Qf5 34.Qf3 Qe5 35.a4 Rd6 36.a5  1/2-1/2

[Event "26th ChessOrg Schachfestival"]
[Site "Bad Woerishofen GER"]
[Date "2010.03.06"]
[Round "1"]
[White "Wind,Ma"]
[Black "Zude,A"]
[Result "0-1"]
[WhiteElo "2007"]
[BlackElo "2455"]

1.d4 Nf6 2.Bg5 d5 3.Bxf6 gxf6 4.c4 c6 5.e3 e6 6.Nc3 Nd7 7.Bd3 a6 8.f4 dxc4
9.Bxc4 Nb6 10.Bb3 c5 11.Nf3 cxd4 12.exd4 Bd7 13.Qd2 Qe7 14.O-O O-O-O 15.Rac1 Kb8
16.Ne4 Bb5 17.Qf2 Bxf1 18.Kxf1 Rc8 19.Re1 Qd8 20.Qh4 Bb4 21.Rd1 Nc4 22.Bxc4 Rxc4
23.f5 Qd5 24.Qxf6 Rhc8 25.Ng3 Rc1 26.Rxc1 Rxc1+ 27.Kf2 Rc2+ 28.Ke3 exf5 29.Nxf5 Rxb2
30.a4 Rxg2 31.Qh8+ Ka7 32.Qxh7 Ba3 33.Qh3 Bc1+ 34.Kd3 Qb3+ 35.Ke4 Re2+  0-1

[Event "11th EICC Women"]
[Site "Rijeka CRO"]
[Date "2010.03.10"]
[Round "5"]
[White "Ushenina,A"]
[Black "Vojinovic,J"]
[Result "1-0"]
[WhiteElo "2452"]
[BlackElo "2296"]

1.d4 Nf6 2.Bg5 d5 3.e3 e6 4.Bd3 c5 5.c3 Qb6 6.Qc1 Be7 7.Nd2 Bd7 8.Ngf3 Bb5
9.c4 dxc4 10.Nxc4 Bxc4 11.Qxc4 cxd4 12.Qb5+ Qxb5 13.Bxb5+ Nfd7 14.Rc1 Bxg5
15.Nxg5 Nc6 16.Bxc6 bxc6 17.Rxc6 Ne5 18.Rc7 dxe3 19.fxe3 h6 20.Ne4 O-O 21.Ke2 Rfd8
22.b4 Rd5 23.Rb1 a6 24.a4 Rb8 25.Rc5 a5 26.b5 Rxc5 27.Nxc5 Nc4 28.Nd7 Rb7
29.Rc1 Rxd7 30.Rxc4 g5 31.Rc8+ Kg7 32.Ra8  1-0

[Event "11th EICC Women"]
[Site "Rijeka CRO"]
[Date "2010.03.11"]
[Round "6"]
[White "Starcevic,A"]
[Black "Tomulic,V"]
[Result "1/2-1/2"]
[WhiteElo "1712"]
[BlackElo "1930"]

1.d4 d5 2.Bg5 Nf6 3.Bxf6 exf6 4.e3 Bd6 5.c4 dxc4 6.Bxc4 O-O 7.Nf3 Nd7 8.O-O Nb6
9.Bd3 Be6 10.Nbd2 Rc8 11.a3 c5 12.Ne4 cxd4 13.Nxd6 Qxd6 14.Nxd4 Nc4 15.Qe2 Ne5
16.Nxe6 Qxe6  1/2-1/2

[Event "11th EICC Women"]
[Site "Rijeka CRO"]
[Date "2010.03.12"]
[Round "7"]
[White "Hoang Thanh Trang"]
[Black "Schut,L"]
[Result "1-0"]
[WhiteElo "2487"]
[BlackElo "2224"]

1.d4 Nf6 2.Bg5 d5 3.e3 g6 4.Bxf6 exf6 5.g3 Bd6 6.Bg2 c6 7.Ne2 O-O 8.b3 Be6
9.Nd2 Nd7 10.O-O f5 11.c4 Nf6 12.Rb1 Ne4 13.c5 Bc7 14.b4 h5 15.f3 Nxd2 16.Qxd2 h4
17.Rfc1 Kg7 18.b5 Rh8 19.f4 Qe7 20.Qd3 Rae8 21.bxc6 bxc6 22.Rb7 a5 23.Kf2 Rb8
24.Rcb1 Rxb7 25.Rxb7 Bc8 26.Ra7 g5 27.Ng1 g4 28.Ne2 Re8 29.Nc1 Qd8 30.Nb3 Bd7
31.Ra6 Re6 32.Nd2 Kf6 33.Qb3 Kg7 34.Ra7 Bc8 35.Bf1 Rh6 36.Bg2 Re6 37.Qc3 Bd7
38.Qb2 Bc8 39.Nb3 Bd7 40.Nc1 Bc8 41.Nd3 Re7 42.Ra8 Qe8 43.Qd2 f6 44.Nc1 Qd7
45.Nb3 Qe6 46.gxh4 Kg6 47.Nxa5 Bxa5 48.Rxa5 Rb7 49.Ra4 Kh5 50.Rb4 Kxh4 51.Rxb7 Bxb7
52.Qa5 Qc8 53.Qa7 Kh5 54.a4 Kg6 55.Bf1 Ba8 56.a5 Qh8 57.Ke1 Qe8 58.Kd2 Qd8
59.Be2 Kh6 60.Qb6 Qc8 61.a6 Kg6 62.a7 Bb7 63.Ba6  1-0

[Event "FSIM March"]
[Site "Budapest HUN"]
[Date "2010.03.15"]
[Round "10"]
[White "Tran,T"]
[Black "Turzo,A"]
[Result "1/2-1/2"]
[WhiteElo "2203"]
[BlackElo "2290"]

1.d4 Nf6 2.Bg5 c5 3.d5 Ne4 4.Bc1 e6 5.g3 exd5 6.Qxd5 Nf6 7.Qb3 d5 8.Bg2 Be7
9.c3 h6 10.Nf3 O-O 11.O-O Nc6 12.Rd1 Re8 13.Nbd2 c4 14.Qc2 Qb6 15.Nf1 Bc5
16.e3 Bg4 17.h3 Bh5 18.b4 Bf8 19.g4 Bg6 20.Qb2 Rad8 21.Ng3 Ne4 22.Ne2 Be7
23.Nf4 Bf6 24.Nd4 Bh4 25.Rf1 Bh7 26.Bd2 Ne5 27.Be1 Be7 28.Rd1 Bf8 29.Nf3 Nf6
30.Nxe5 Rxe5 31.Kh1 h5 32.gxh5 Be4 33.f3 Bh7 34.Bf2 Qc7 35.h6 g6 36.Rde1 Bxh6
37.Bg3 Qe7 38.Qd2 g5 39.Ne2 Rxe3 40.Nd4 Re8 41.Bf2 Rxe1 42.Rxe1 Qd7 43.Rxe8+ Nxe8
44.Nc2 Bg7 45.Nd4 Qe7 46.f4 gxf4 47.Qxf4 Be4 48.Qb8 a6 49.a4 Kh7 50.b5 axb5
51.axb5 Bxg2+ 52.Kxg2 Be5 53.Qc8 Qg5+ 54.Kf1 Nd6 55.Qd7 Qf4 56.Kg2 Ne4 57.Nf3 Nd6
58.b6 Qe4 59.Bc5 Qg6+ 60.Kf1 Qg3 61.Nxe5 Qf4+ 62.Kg2 Ne4 63.Bd4 Qg5+ 64.Kf1 Qf4+
65.Kg2 Qd2+ 66.Kf3 Qd1+ 67.Kf4 Qd2+ 68.Kf3 Qd1+ 69.Kg2 Qd2+ 70.Kf3 Qd1+  1/2-1/2

[Event "11th EICC Women"]
[Site "Rijeka CRO"]
[Date "2010.03.15"]
[Round "9"]
[White "Charkhalashvili,I"]
[Black "Khotenashvili,B"]
[Result "1/2-1/2"]
[WhiteElo "2338"]
[BlackElo "2448"]

1.d4 Nf6 2.Bg5 c5 3.dxc5 Qa5+ 4.c3 Qxc5 5.Nf3 d6 6.Nbd2 a6 7.e3 Nbd7 8.Bd3 h6
9.Bxf6 Nxf6 10.Qb3 b6 11.a4 e5 12.Ne4 Nxe4 13.Bxe4 Be6 14.Qc2 d5 15.Bf5 Qc8
16.Bxe6 Qxe6 17.O-O f5 18.Rfd1 Be7 19.Qd3 e4 20.Nd4 Qf7 21.Qd2 Rc8 22.Ne2 Rd8
23.Nf4 O-O 24.Nxd5 Bd6 25.c4 a5 26.Qe2 Bc5 27.g3 g5 28.Kh1 Rd6 29.Rd2 Rfd8
30.Rad1 Kg7 31.b3 Qe6 32.Nc7 Qe5 33.Rxd6 Rxd6 34.Nd5 Kh7 35.Rf1 Re6 36.f4 exf3
37.Qxf3 Bxe3 38.Nxe3 Qxe3 39.Qxf5+ Rg6 40.Rd1 Qe8 41.Rd7+ Kh8 42.Qd3 Qe6
43.Rd8+ Kg7 44.Rd7+ Kh8 45.Kg2 h5 46.Rd8+ Kg7 47.Qd7+ Qxd7 48.Rxd7+ Kh6 49.g4 hxg4
50.Kg3 Re6 51.Kxg4 Kg6 52.Rd5 Re4+ 53.Kf3 Re6 54.Rd4 Kh5  1/2-1/2

[Event "Dos Hermanas Blitz Final"]
[Site "ICC INT"]
[Date "2010.03.19"]
[Round "1.3"]
[White "Barbosa,O PHI"]
[Black "Kacheishvili,G"]
[Result "1-0"]
[WhiteElo "2452"]
[BlackElo "2587"]

1.d4 Nf6 2.Bg5 d5 3.e3 Ne4 4.Bf4 c5 5.Bd3 Nc6 6.Bxe4 dxe4 7.d5 Nb4 8.Nc3 Bf5
9.Nge2 g6 10.Be5 f6 11.Bf4 e5 12.dxe6 Qxd1+ 13.Kxd1 O-O-O+ 14.Kc1 g5 15.Bg3 Bd6
16.Bxd6 Rxd6 17.Ng3 Bg6 18.a3 Na6 19.Ngxe4 Rxe6 20.Nd2 Nc7 21.Rd1 h5 22.Nc4 h4
23.h3 b6 24.b3 f5 25.f4 gxf4 26.exf4 Bh5 27.Rd2 Rhh6 28.Kb2 b5 29.Ne5 Be8
30.Nd5 Rd6 31.Ne7+ Kb7 32.Rxd6 Rxd6 33.Nxf5 Rf6 34.Nxh4 Rxf4 35.Nhf3 Rf6
36.Rd1 Ne6 37.h4 Nf4 38.Rd2 Kc7 39.g4 Ng6 40.h5 Nxe5 41.Nxe5 Rf1 42.h6 Rh1
43.g5 Rh5 44.g6 Rxe5 45.h7 Rh5 46.g7  1-0

[Event "Dos Hermanas Blitz Final"]
[Site "ICC INT"]
[Date "2010.03.19"]
[Round "1.1"]
[White "Barbosa,O PHI"]
[Black "Kacheishvili,G"]
[Result "1-0"]
[WhiteElo "2452"]
[BlackElo "2587"]

1.d4 Nf6 2.Bg5 d5 3.e3 Ne4 4.Bf4 c5 5.Bd3 cxd4 6.exd4 Nc6 7.c3 Bf5 8.Ne2 e6
9.O-O Qb6 10.Qc2 Rc8 11.f3 Nd6 12.Bxf5 Nxf5 13.Qd2 Be7 14.Na3 Bxa3 15.bxa3 O-O
16.g4 Nfe7 17.Rab1 Qa6 18.Bd6 Rfd8 19.Bb4 Rc7 20.f4 Nxb4 21.axb4 Nc8 22.f5 exf5
23.Rxf5 Qc6 24.Rbf1 Nd6 25.Qg5 Re8 26.Re5 Ne4 27.Rxe8+ Qxe8 28.Qxd5 Nxc3
29.Nxc3 Rxc3 30.Rf2 h6 31.Qxb7 f5 32.gxf5 Qh5 33.Qb8+ Kh7 34.Qf4 Qh3 35.f6 gxf6
36.Qe4+ Kh8 37.Qe8+ Kh7 38.Qf7+ Kh8 39.Qxf6+  1-0

[Event "26th Budapest Spring Festival"]
[Site "Budapest HUN"]
[Date "2010.03.20"]
[Round "2"]
[White "Tran Minh Thang"]
[Black "Altin,Cem"]
[Result "1-0"]
[WhiteElo "1972"]
[BlackElo "1717"]

1.d4 Nf6 2.Bg5 g6 3.Bxf6 exf6 4.c4 Bg7 5.g3 O-O 6.Bg2 d6 7.Nc3 c6 8.e3 Nd7
9.Nge2 f5 10.O-O Nf6 11.b4 a6 12.a4 Re8 13.Qd3 d5 14.b5 Ne4 15.bxc6 bxc6
16.c5 a5 17.Rfb1 Ba6 18.Qc2 Qc7 19.Rb6 Reb8 20.Rab1 Nf6 21.Nf4 Nd7 22.Nfxd5 cxd5
23.Nxd5 Qd8 24.c6 Rxb6 25.Nxb6 Nxb6 26.c7 Qd6 27.Bxa8 Bc8 28.Qc6 Qxc6 29.Bxc6 Nc4
30.Rb8  1-0

[Event "TCh-FIN 2009-10"]
[Site "Finland FIN"]
[Date "2010.03.21"]
[Round "9"]
[White "Tuominen,R"]
[Black "Linnanen,L"]
[Result "1-0"]
[WhiteElo "2269"]
[BlackElo "2184"]

1.d4 Nf6 2.Bg5 g6 3.Bxf6 exf6 4.c4 f5 5.Nc3 Bg7 6.e3 d6 7.Bd3 c6 8.Nge2 a6
9.Nf4 Nd7 10.h4 h5 11.e4 fxe4 12.Nxe4 Nf6 13.Ng5 Qa5+ 14.Kf1 O-O 15.Qc2 Qb6
16.c5 Qc7 17.g3 Nd5 18.Nxd5 cxd5 19.Rd1 dxc5 20.dxc5 Bg4 21.f3 f6 22.fxg4 fxg5+
23.Kg2 gxh4 24.Rxh4 Bd4 25.Rf1 Qxc5 26.Qxc5 Bxc5 27.gxh5 Rxf1 28.Kxf1 Rf8+
29.Ke1 gxh5 30.Rxh5 Rd8 31.Rh7 Re8+ 32.Kd2 Re7 33.Rxe7 Bxe7 34.Bf5 Kf7 35.Bc8 b6
36.Bxa6 Ke6 37.Kc3 Ke5 38.Bd3 Bg5 39.a4 Be3 40.Kb4 Bf2 41.g4 Be3 42.Kb5 Bd4
43.b4 Be3 44.Kc6 Kd4 45.Be2 Kc3 46.a5 bxa5 47.bxa5 d4 48.a6 d3 49.Bf3  1-0

[Event "4th G. Agzamov Mem"]
[Site "Tashkent UZB"]
[Date "2010.03.25"]
[Round "3"]
[White "Holmirzaev,B"]
[Black "Tiviakov,S"]
[Result "0-1"]
[WhiteElo "2344"]
[BlackElo "2653"]

1.d4 Nf6 2.Bg5 d5 3.Nc3 Nbd7 4.Nf3 e6 5.e4 dxe4 6.Nxe4 Be7 7.Bxf6 Nxf6 8.Nxf6+ Bxf6
9.c3 Bd7 10.Bd3 c5 11.dxc5 Qc7 12.O-O Qxc5 13.Re1 Rd8 14.Qc2 g6 15.Nd2 Bg7
16.Ne4 Qc7 17.Qb3 O-O 18.Bb5 Bc8 19.Rad1 a6 20.Be2 Bd7 21.Bf3 Be5 22.g3 h6
23.Nd2 b5 24.Qb4 a5 25.Qh4 Bg7 26.Bg2 Bc8 27.Ne4 f5 28.Nd2 e5 29.Nb3 Kh7
30.g4 fxg4 31.Qg3 a4 32.Nd4 Qd6 33.Nc2 Qxd1 34.Rxd1 Rxd1+ 35.Bf1 Rf3 36.Qg2 Bf5
37.Ne3 Rxe3 38.fxe3 Bd3  0-1

[Event "ch-VIE"]
[Site "Ho Chi Minh City VIE"]
[Date "2010.03.26"]
[Round "2"]
[White "Bui Vinh"]
[Black "Nguyen Minh Tuan"]
[Result "1-0"]
[WhiteElo "2480"]
[BlackElo "2114"]

1.d4 Nf6 2.Bg5 d5 3.e3 c6 4.Bd3 Nbd7 5.Nf3 e6 6.O-O Be7 7.Nbd2 O-O 8.c3 Re8
9.Qe2 Nf8 10.Ne5 N6d7 11.Bf4 f5 12.f3 Nxe5 13.Bxe5 Bd6 14.Bxd6 Qxd6 15.e4 Bd7
16.e5 Qe7 17.f4 b6 18.Nf3 c5 19.Kh1 c4 20.Bc2 b5 21.Rg1 Kh8 22.g4 g6 23.h4 Rab8
24.a3 a5 25.Qh2 b4 26.axb4 axb4 27.h5 bxc3 28.bxc3 gxh5 29.gxf5 exf5 30.Qxh5 Ne6
31.Qh6 Qf8 32.Qh4 Rb6 33.Rg2 Reb8 34.Rag1 Qf7 35.Rg6 Nf8 36.R6g3 Ne6 37.R1g2 Rb2
38.Qf6+ Qxf6 39.exf6 Nxf4 40.Ng5 Be6 41.Nxe6 Nxe6 42.f7 h5 43.Rg8+ Kh7 44.Bxf5+  1-0

[Event "26th Budapest Spring Festival"]
[Site "Budapest HUN"]
[Date "2010.03.27"]
[Round "8"]
[White "Tran,T"]
[Black "Fomani,M"]
[Result "1/2-1/2"]
[WhiteElo "2203"]
[BlackElo "2029"]

1.d4 Nf6 2.Bg5 c5 3.Bxf6 gxf6 4.d5 Qb6 5.Qc1 d6 6.Nc3 Bg7 7.Nf3 f5 8.Rb1 Nd7
9.e3 a6 10.Nd2 Qa5 11.Bd3 Ne5 12.O-O b5 13.f4 Ng4 14.Nd1 c4 15.Be2 h5 16.Bf3 Qb6
17.Re1 Bb7 18.Nf1 Qc5 19.Ng3  1/2-1/2

[Event "ch-VIE"]
[Site "Ho Chi Minh City VIE"]
[Date "2010.03.29"]
[Round "6"]
[White "Bui Vinh"]
[Black "Nguyen Thanh Nghia"]
[Result "0-1"]
[WhiteElo "2480"]
[BlackElo "2206"]

1.d4 d5 2.Bg5 Nf6 3.Bxf6 exf6 4.e3 Bd6 5.g3 O-O 6.Bg2 c6 7.Ne2 Re8 8.O-O Bf5
9.Nd2 Nd7 10.c4 dxc4 11.Nxc4 Bc7 12.Nc3 Be6 13.Qe2 f5 14.Rfd1 Nf6 15.Ne5 Nd5
16.Nxd5 Bxd5 17.Nd3 Bxg2 18.Kxg2 Qxd4 19.Qf3 Qf6 20.b4 Bd6 21.Nc5 Bxc5 22.bxc5 Qe5
23.Rab1 Re7 24.Rdc1 Rd8 25.Rc4 g6 26.a4 Rd2 27.Rcb4 Qxc5 28.Rxb7 Rxe3 29.Qf4 Ree2
30.Rf1 a5 31.Kg1 Kg7 32.h4 h5 33.Qc7 Qd5 34.Ra7 Rxf2 35.Rxf2 Rd1+ 36.Rf1 Qd4+  0-1

[Event "33rd Open"]
[Site "Donostia ESP"]
[Date "2010.03.30"]
[Round "3"]
[White "Fletcher,J"]
[Black "Navarro Vallejo,J"]
[Result "0-1"]
[WhiteElo "2004"]
[BlackElo "1795"]

1.d4 Nf6 2.Bg5 c5 3.d5 d6 4.Bxf6 exf6 5.Nd2 g6 6.h4 h5 7.c3 Nd7 8.Qa4 Bh6
9.e3 O-O 10.g4 Nb6 11.Qc2 Bxg4 12.c4 Re8 13.Be2 Bf5 14.Bd3 Bxe3 15.Bxf5 Bxd2+
16.Kxd2 gxf5 17.Ne2 Re4 18.f3 Nxc4+ 19.Ke1 Ne3 20.Rg1+ Kf8 21.Qd2 Re5 22.Kf2 Qb6  0-1

[Event "21st Pobeskydi Arcelor Mittal Cup"]
[Site "Frydek-Mistek CZE"]
[Date "2010.04.01"]
[Round "1"]
[White "Trombik,K"]
[Black "Dobes,V"]
[Result "1-0"]
[WhiteElo "2101"]
[BlackElo "1816"]

1.d4 Nf6 2.Bg5 c5 3.dxc5 Qa5+ 4.c3 Qxc5 5.Bxf6 gxf6 6.Nd2 Qc7 7.e3 Nc6 8.Ngf3 Bg7
9.Bd3 d6 10.Qc2 h5 11.O-O-O Bg4 12.h3 Bxf3 13.Nxf3 O-O-O 14.Kb1 e6 15.Nd4 Nxd4
16.exd4 d5 17.h4 f5 18.Be2 Bf6 19.Bf3 Kb8 20.Rh3 Rh7 21.Qd2 Qe7 22.g3 Qc7
23.Rhh1 Rg8 24.Rc1 Qd6 25.Qe2 f4 26.Rcf1 fxg3 27.fxg3 Qxg3 28.Bxh5 Bxh4 29.Rxf7 Rxf7
30.Bxf7 Rf8 31.Bxe6 Rf2 32.Qe5+ Qxe5 33.dxe5 Bg3 34.Rh8+ Kc7 35.Bxd5 Bxe5
36.Rh7+ Kd6 37.Bxb7 Kc5 38.Rh5 Re2 39.Ba6 Re3 40.Kc2 Kd6 41.Rh7 Kc6 42.Rxa7 Bc7
43.Ra8 Kb6 44.Bd3 Rg3 45.Re8 Bf4 46.Re2 Kc5 47.b4+ Kb6 48.a4  1-0

[Event "21st Pobeskydi Arcelor Mittal Cup"]
[Site "Frydek-Mistek CZE"]
[Date "2010.04.02"]
[Round "4"]
[White "Lys,J"]
[Black "Blecha,J"]
[Result "1-0"]
[WhiteElo "2249"]
[BlackElo "1926"]

1.d4 Nf6 2.Bg5 d5 3.e3 e6 4.Nf3 Be7 5.c4 O-O 6.Nc3 Nbd7 7.Be2 c6 8.O-O dxc4
9.Bxc4 Nd5 10.Bxe7 Qxe7 11.e4 Nxc3 12.bxc3 e5 13.Qc2 exd4 14.cxd4 Nb6 15.Bd3 g6
16.a4 Be6 17.a5 Nd7 18.a6 b6 19.Qxc6 Rfc8 20.Qb5 Rc3 21.Ne1 f6 22.f4 Rac8
23.Rb1 Kg7 24.Rb2 Bc4 25.Bxc4 R8xc4 26.Qd5 Nf8 27.Nf3 Ra4 28.e5 f5 29.Rb3 Rc2
30.Qb5 Rac4 31.Rb2 R2c3 32.g3 Ne6 33.d5 Nc5 34.Rb4 Re4 35.Ng5 Ree3 36.d6 Qf8
37.Qc6 Qd8 38.Rb5 Qd7 39.Rxc5 Qxc6 40.Rxc6 Rxc6 41.Rd1 Re2 42.d7 Rcc2 43.Nf3  1-0

[Event "Najdorf Centenary Open"]
[Site "Buenos Aires ARG"]
[Date "2010.04.03"]
[Round "3"]
[White "Lida Garcia,F"]
[Black "Soto,Jose Manuel"]
[Result "1/2-1/2"]
[WhiteElo "2056"]
[BlackElo "1793"]

1.d4 d5 2.Bg5 Nf6 3.Bxf6 exf6 4.e3 Bf5 5.c3 Bd6 6.Nf3 h6 7.Bd3 Bxd3 8.Qxd3 Qd7
9.Nbd2 Nc6 10.b4 Ne7 11.O-O c6 12.a4 O-O 13.b5 Rab8 14.Rab1 Qg4 15.h3 Qd7
16.c4 c5 17.Rfd1 Rfd8 18.dxc5 dxc4 19.Qxd6 c3 20.Ne4 c2 21.Nxf6+ gxf6 22.Qg3+ Ng6
23.Rxd7 cxb1=Q+ 24.Kh2 Qf5 25.c6 bxc6 26.bxc6 Rbc8 27.Rxa7 Qe6 28.Nd4 Qd6
29.f4 Kf8 30.Nf5 Qxc6 31.Nxh6 Rd7 32.Ra5 Qe4 33.f5 Qh4 34.Qxh4 Nxh4 35.Kg3 Ng6
36.fxg6 fxg6 37.Ng4 Rc6 38.Kf3 Ke7 39.Ra8 Rdd6 40.Ra7+ Ke6 41.Rg7 g5 42.Nf2 Rd7
43.Rg6 Kf7 44.Rh6 Kg7 45.Rh5 Kg6 46.g4  1/2-1/2

[Event "21st Pobeskydi Distep Cup"]
[Site "Frydek-Mistek CZE"]
[Date "2010.04.03"]
[Round "6"]
[White "Wiley,To"]
[Black "Pacher,M"]
[Result "1-0"]
[WhiteElo "2302"]
[BlackElo "2363"]

1.d4 Nf6 2.Bg5 c5 3.Bxf6 gxf6 4.d5 Qb6 5.Qc1 Bg7 6.g3 f5 7.c3 d6 8.Nd2 Nd7
9.Bg2 Nf6 10.Nh3 h5 11.Qc2 Bd7 12.Nf4 h4 13.Nc4 Qa6 14.Ne3 hxg3 15.hxg3 Rxh1+
16.Bxh1 e6 17.dxe6 fxe6 18.g4 Bh6 19.gxf5 Bxf4 20.fxe6 Bxe6 21.Qg6+ Ke7 22.Qg7+ Bf7
23.Bd5 Rf8 24.Nf5+ Ke8 25.Qxf6 Qxe2+ 26.Kxe2 Bh5+ 27.Bf3  1-0